Every Manchester United Goal Scorer in the 1994/95 Premier League - Statistics

General Stats
  • This quiz has been taken 13 times
  • The average score is 58 of 77
Answer Stats
Game Scorer % Correct
Wimbledon (H) Giggs
100%
Wimbledon (H) Cantona
92%
Leeds United (A) Cantona
92%
Ipswich Town (A) Cantona
92%
West Ham United (H) Cantona
92%
Blackburn Rovers (A) Cantona
92%
Manchester City (H) Cantona
92%
Crystal Palace (H) Cantona
92%
Norwich City (H) Cantona
92%
Nottingham Forest (H) Cantona
92%
Chelsea (A) Cantona
92%
Coventry City (H) Cantona
92%
Blackburn Rovers (H) Cantona
92%
Queens Park Rangers (A) Keane
92%
Ipswich Town (H) Keane
92%
Ipswich Town (A) Scholes
92%
Queens Park Rangers (A) Scholes
92%
Queens Park Rangers (A) Scholes
92%
Coventry City (H) Scholes
92%
Coventry City (A) Scholes
92%
Southampton (A) Butt
85%
Aston Villa (H) Cole
85%
Manchester City (A) Cole
85%
Ipswich Town (H) Cole
85%
Ipswich Town (H) Cole
85%
Ipswich Town (H) Cole
85%
Ipswich Town (H) Cole
85%
Ipswich Town (H) Cole
85%
Leicester City (A) Cole
85%
Leicester City (A) Cole
85%
Coventry City (A) Cole
85%
Coventry City (A) Cole
85%
Southampton (H) Cole
85%
Queens Park Rangers (H) Hughes
77%
Blackburn Rovers (A) Hughes
77%
Manchester City (H) Hughes
77%
Chelsea (A) Hughes
77%
Newcastle United (A) Hughes
77%
Ipswich Town (H) Hughes
77%
Ipswich Town (H) Hughes
77%
Arsenal (H) Hughes
77%
Aston Villa (A) Ince
69%
Manchester City (A) Ince
69%
Norwich City (A) Ince
69%
Ipswich Town (H) Ince
69%
Leicester City (A) Ince
69%
Crystal Palace (H) Irwin
69%
Southampton (H) Irwin
69%
Newcastle United (H) Pallister
69%
Southampton (A) Pallister
69%
Tottenham Hotspur (A) Bruce
62%
Wimbledon (A) Bruce
62%
Nottingham Forest (A) Kanchelskis
62%
Liverpool (H) Kanchelskis
62%
Everton (H) Kanchelskis
62%
Blackburn Rovers (A) Kanchelskis
62%
Blackburn Rovers (A) Kanchelskis
62%
Aston Villa (A) Kanchelskis
62%
Manchester City (H) Kanchelskis
62%
Manchester City (H) Kanchelskis
62%
Manchester City (H) Kanchelskis
62%
Crystal Palace (H) Kanchelskis
62%
Leicester City (H) Kanchelskis
62%
Manchester City (A) Kanchelskis
62%
Norwich City (A) Kanchelskis
62%
Arsenal (H) Kanchelskis
62%
Crystal Palace (A) May
54%
Sheffield Wednesday (H) May
54%
Queens Park Rangers (H) McClair
54%
Wimbledon (H) McClair
54%
Liverpool (H) McClair
54%
Chelsea (A) McClair
54%
West Ham United (A) McClair
54%
Everton (H) Sharpe
54%
Arsenal (H) Sharpe
54%
Leicester City (A) Sharpe
54%
Newcastle United (H) Gillespie
38%
No matching quizzes found
Score Distribution
Percent of People with Each Score
Percentile by Number Answered
Your Score History
You have not taken this quiz